Dynamics of environmental characteristics in houses for intensive poultry rering

Bibliographic Details
Main Authors: Dimitrov, S. (Author), Beremsky, Č. (Author)
Format: Article
Language:English
Subjects:

MARC

LEADER 00000nab a2200000 a 4500
001 vtls000170980
003 SK-MaSNL
005 20260319070418.0
008 220422c1982 xo 0 eng
015 |a SNBRA19rr/mm-uuuuu 
035 |a CL0181091 
040 |a SNKBUCL  |b slo  |c SNKBUCL  |e AACR2 
041 0 |a eng 
044 |a xo  |c SK 
080 |a 636.083.312:628.88  |2 1981 
080 |a 628.88  |2 1981 
080 |a 614.94  |2 1981 
100 1 |a Dimitrov, S.  |4 aut  |9 1074234 
245 1 0 |a Dynamics of environmental characteristics in houses for intensive poultry rering  |c S. Dimitrov, Č. Beremsky 
650 0 7 |a hydinárne  |2 SNKPH  |9 922604 
650 0 7 |a kryptoklíma  |2 SNKPH  |9 16940 
655 7 |a články zo zborníkov  |2 SNKPH  |9 166140 
700 1 |a Beremsky, Č.  |4 aut  |9 1074235 
773 0 |t Fourth international congress of animal hygiene  |d Bratislava : ÚVO, 1982 
850 |a Slovenská národná knižnica v Martine  |a MTA001 
852 |a SNK  |b KIS3GCP 
958 |a RK 
958 |a ME 
992 |a RZB 
999 |c 1766513  |d 1768443